<?xml version="1.0" encoding="UTF-8"?>
<marc:record xmlns:marc="http://www.loc.gov/MARC21/slim">
   <marc:leader>00000nam a2200000 a 4500</marc:leader>
   <marc:datafield ind1="1" ind2=" " tag="100">
      <marc:subfield code="a">Hansen, Ella &amp; Tom</marc:subfield>
      <marc:subfield code="4">aut</marc:subfield>
      <marc:subfield code="e">Verfasser/-in</marc:subfield>
   </marc:datafield>
   <marc:datafield ind1="0" ind2="0" tag="245">
      <marc:subfield code="a">Nordangst</marc:subfield>
   </marc:datafield>
   <marc:datafield ind1="0" ind2="0" tag="245">
      <marc:subfield code="b">Küstenkrimi</marc:subfield>
   </marc:datafield>
   <marc:datafield ind1=" " ind2="1" tag="264">
      <marc:subfield code="b">Independently Published</marc:subfield>
   </marc:datafield>
   <marc:datafield ind1="1" ind2=" " tag="490">
      <marc:subfield code="a">Reihe Inselpolizei Amrum Föhr</marc:subfield>
   </marc:datafield>
   <marc:datafield ind1="1" ind2=" " tag="520">
      <marc:subfield code="a">Das Verschwinden der ehemaligen Inselhebamme Estrid versetzt ganz Föhr in Aufruhr. Nachdem bei der großangelegten Suchaktion ihre Leiche in der Marsch gefunden wird, überschlagen sich die Ereignisse. Anfangs rätseln die Ermittler um David Kern noch, ob es sich um einen Unfall mit Fahrerflucht oder Mord handelt, doch dann enthüllen die Aufzeichnungen in Estrids Tagebüchern dunkle Geheimnisse der Insulaner - Geheimnisse, die die kleine Gemeinschaft in ihren Grundfesten erschüttern und jeden zum Verdächtigen machen. Polizeihauptmeisterin Hilla Petersen hätte niemals geahnt, dass hinter der vertrauten, friedlichen Fassade ihrer geliebten Insel so viele Abgründe lauern, die die Inselgemeinde auf die Probe stellen. Ob Eifersucht, Neid oder die Angst vor Entlarvung - jeder hat etwas zu verlieren. Aber wessen Angst vor der Wahrheit war so groß, dass er zum Mörder wurde?</marc:subfield>
   </marc:datafield>
   <marc:datafield ind1=" " ind2=" " tag="020">
      <marc:subfield code="a">9798313174884</marc:subfield>
      <marc:subfield code="9">9798313174884</marc:subfield>
   </marc:datafield>
</marc:record>
